000 00687nam a2200241Ia 4500
003 OSt
005 20220926025130.0
006 a|||||r|||| 00| 0
007 ta
008 220923b |||||||| |||| 00| 0 eng d
020 _a100195419863
037 _cGeneral Book
040 _aRTL
_cRTL
_beng
041 _2eng
_aeng
082 _aYv, P6
100 _aThomson Anthony
_9331943
245 0 _aMaking of social theory
_b Order, reason and desire
260 _aOxford
_bOxford University Press
_c2006
300 _aix,478p
_ccm.
500 _aAppendix: P 410-23; Glossary: P 424-34
942 _hYv, P6
_cGB
_2CC
999 _c646388
_d646388